Decision making through operations research (Record no. 30507)

MARC details
000 -LEADER
fixed length control field 00483nam a2200169Ia 4500
082 ## - DEWEY DECIMAL CLASSIFICATION NUMBER
Classification number 65.012.122
Item number THI
100 ## - MAIN ENTRY--AUTHOR NAME
Personal name Klekamp, Robert C
245 #0 - TITLE STATEMENT
Title Decision making through operations research
250 ## - EDITION STATEMENT
Edition statement Ed.2
260 ## - PUBLICATION, DISTRIBUTION, ETC. (IMPRINT)
Place of publication New York
Name of publisher John Wiley
Year of publication 1975
490 ## - SERIES STATEMENT
Series statement Wiley series in management and administration
650 ## - SUBJECT ADDED ENTRY--TOPICAL TERM
Topical Term Decision making
650 ## - SUBJECT ADDED ENTRY--TOPICAL TERM
Topical Term Operations research
700 ## - ADDED ENTRY--PERSONAL NAME
Personal name Thierauf, Robert J
942 ## - ADDED ENTRY ELEMENTS (KOHA)
Koha item type Books
Holdings
Withdrawn status Lost status Damaged status Not for loan Home library Current library Date acquired Cost, normal purchase price Full call number Accession Number Koha item type
        RRII Library RRII Library 16/12/2021 6.40 65.012.122 THI 11079 Books